LIBRARY ONLINE CATALOGUE

The Steward leader : (Record no. 8769)

MARC details
000 -LEADER
fixed length control field 00713nam a22002172 4500
001 - CONTROL NUMBER
control field 0000019022
005 - DATE AND TIME OF LATEST TRANSACTION
control field 20151217152143.0
008 - FIXED-LENGTH DATA ELEMENTS--GENERAL INFORMATION
fixed length control field 100831s xx 000 0 eng d
020 ## - INTERNATIONAL STANDARD BOOK NUMBER
International Standard Book Number 0830838783 :
040 ## - CATALOGING SOURCE
Original cataloging agency KABU
Transcribing agency KABU
100 1# - MAIN ENTRY--PERSONAL NAME
Personal name Rodin, R. Scott.
-- 0000178561
245 14 - TITLE STATEMENT
Title The Steward leader :
Remainder of title transforming people organizations and communities /
Statement of responsibility, etc. R. Scott Rodin.
250 ## - EDITION STATEMENT
Edition statement 1st ed.
260 ## - PUBLICATION, DISTRIBUTION, ETC. (IMPRINT)
Place of publication, distribution, etc. Downers Grove, IL. :
Name of publisher, distributor, etc. InterVarsity,
Date of publication, distribution, etc. 2010.
300 ## - PHYSICAL DESCRIPTION
Extent 197 p.
650 #0 - SUBJECT ADDED ENTRY--TOPICAL TERM
Topical term or geographic name as entry element Leadership
General subdivision Religious aspects
-- Christianity.
-- 0000149203
650 #0 - SUBJECT ADDED ENTRY--TOPICAL TERM
Topical term or geographic name as entry element Christian stewardship.
-- 0000178562
852 1# - LOCATION
-- p2360 KES
908 ## - PUT COMMAND PARAMETER (RLIN)
Put command parameter 100831
950 ## - LOCAL HOLDINGS (RLIN)
-- 1
Holdings
Withdrawn status Lost status Source of classification or shelving scheme Not for loan Home library Current library Date acquired Total Checkouts Full call number Barcode Date last seen Date last checked out Price effective from Koha item type
    Library of Congress Classification   Kabarak, Main Campus Kabarak, Main Campus 17/12/2015 1 BV4597 .L43R63 2010 c. 1 24202 30/05/2022 25/04/2022 17/12/2015 General Collection